00694nam a2200229Ia 4500003000900000008004100009040001300050040001300063041000800076100002100084245004700105250001100152260000800163260000900171300001100180300001200191490003000203490000700233942000700240999001700247952020000264IT-RoPAU120407s9999 xx 000 0 und d aIT-RoPAU cIT-RoPAU afra aStanislas Breton aPassion (la) du Christ et les Philosophies aTeramo aEco c1954 a140 p. c24,5 cm aTesti e Studi Passionisti v12 cBK c25576d25576 00102ddc406230_400000000000000_7971aPAULUSbPAULUSd2012-04-11l0o230.4.79r2012-04-11 00:00:00w2012-04-11yBKzInserito da: Jole In data: 22 luglio 2011 fondo: Via A.Severo 56 Progr:28536